[Event "Wch Juvenil 2013 sub-14"]
[Site "Al-Ain UAE"]
[Date "2013.12.20"]
[Round "3.58"]
[White "Ali, Abdulaziz"]
[Black "Nguyen, Dang Hong Phuc"]
[Result "0-1"]
[WhiteElo "1739"]
[BlackElo "1882"]
[PlyCount "84"]
[EventDate "2013.12.19"]
[EventType "swiss"]
[EventRounds "11"]
[EventCountry "UAE"]
[Source "lmi"]
[SourceDate "2013.12.19"]

1. e4 c5 2. Nf3 d6 3. d4 cxd4 4. Nxd4 Nf6 5. Nc3 a6 6. Bc4 e6 7. O-O Qc7 8. Bb3
Be7 9. Qf3 b5 10. a3 O-O 11. Qg3 Bb7 12. Bh6 Ne8 13. Bxe6 Bf6 14. Nd5 Qd8 15.
Nxf6+ Qxf6 16. Nf5 Bxe4 17. Bg5 Qxe6 18. Ne7+ Kh8 19. f3 f6 20. Rae1 Qxe7 21.
Rxe4 Qf7 22. Bf4 d5 23. Re2 Nc6 24. Rfe1 Qg6 25. Qf2 d4 26. Re6 Rc8 27. c3 dxc3
28. Qc5 Rg8 29. bxc3 Ne5 30. Qxc8 Nxf3+ 31. Kf2 Nxe1 32. Rxe1 Nd6 33. Qc6 Nc4
34. Qxa6 Qf5 35. Kg3 h5 36. Qe6 h4+ 37. Kxh4 Qxf4+ 38. Kh3 Qh6+ 39. Kg3 Ne5 40.
h3 Qg6+ 41. Kh2 Re8 42. Qd5 Nf3+ 0-1

[Event "Wch Juvenil 2013 sub-14"]
[Site "Al-Ain UAE"]
[Date "2013.12.20"]
[Round "3.60"]
[White "Simo, Marian"]
[Black "Bedon, Kevin"]
[Result "1/2-1/2"]
[WhiteElo "1873"]
[BlackElo "1671"]
[PlyCount "45"]
[EventDate "2013.12.19"]
[EventType "swiss"]
[EventRounds "11"]
[EventCountry "UAE"]
[Source "lmi"]
[SourceDate "2013.12.19"]

1. e4 e5 2. Nf3 Nc6 3. Bb5 a6 4. Ba4 Nf6 5. d3 b5 6. Bb3 Be7 7. O-O O-O 8. c3
d6 9. h3 Na5 10. Bc2 c5 11. Qe2 h6 12. Be3 Qc7 13. Nbd2 Rb8 14. Rac1 Be6 15. d4
Nc4 16. d5 Nxe3 17. Qxe3 Bd7 18. c4 b4 19. Nh4 Nh5 20. Nf5 Bg5 21. Qf3 g6 22.
Rcd1 Kh7 23. Ng3 1/2-1/2

[Event "Wch Juvenil 2013 sub-14"]
[Site "Al-Ain UAE"]
[Date "2013.12.20"]
[Round "3.76"]
[White "Ng, Chi Tou"]
[Black "Ahmed, Qutayba Yunis"]
[Result "0-1"]
[WhiteElo "1475"]
[BlackElo "1663"]
[PlyCount "124"]
[EventDate "2013.12.19"]
[EventType "swiss"]
[EventRounds "11"]
[EventCountry "UAE"]
[Source "lmi"]
[SourceDate "2013.12.19"]

1. e4 e6 2. d4 d5 3. Nc3 Nf6 4. e5 Nfd7 5. Be2 b6 6. Nf3 c5 7. O-O Nc6 8. Be3
cxd4 9. Bxd4 Qc7 10. Bb5 Nxd4 11. Bxd7+ Bxd7 12. Qxd4 Bc5 13. Qd3 Rd8 14. Rad1
h6 15. Ne2 a6 16. Qxa6 Ke7 17. Qd3 Ra8 18. a3 b5 19. Qc3 g5 20. b4 g4 21. Qxc5+
Qxc5 22. bxc5 gxf3 23. Nd4 fxg2 24. Rfe1 Rhc8 25. Re3 Rxc5 26. Rf3 Rc4 27. Rb3
Ra5 28. Kxg2 Rca4 29. Rdd3 f6 30. f4 Be8 31. Rb4 fxe5 32. fxe5 Rxa3 33. Rxa3
Rxa3 34. Nxb5 Bxb5 35. Rxb5 Re3 36. Rb3 Rxe5 37. Rh3 h5 38. Kf3 Kf6 39. c3 Rg5
40. Kf4 e5+ 41. Ke3 Ke6 42. Rh4 Kd6 43. Kd3 Rf5 44. Rh3 Kc5 45. Rh4 e4+ 46. Kd2
Kc4 47. Kc2 Rf2+ 48. Kd1 Kxc3 49. Rxh5 d4 50. Rh3+ d3 51. Ke1 Re2+ 52. Kd1 Rg2
53. Ke1 Kc2 54. Kf1 d2 55. Kxg2 d1=Q 56. Rg3 Qd2+ 57. Kh3 e3 58. Rg2 e2 59. Kg4
Qe3 60. h4 Qe4+ 61. Kg3 Qxg2+ 62. Kxg2 e1=Q 0-1

[Event "Wch Juvenil 2013 sub-14"]
[Site "Al-Ain UAE"]
[Date "2013.12.20"]
[Round "3.77"]
[White "Ip, Seng Tou"]
[Black "Dolinar, Matic"]
[Result "0-1"]
[WhiteElo "1372"]
[BlackElo "1770"]
[PlyCount "56"]
[EventDate "2013.12.19"]
[EventType "swiss"]
[EventRounds "11"]
[EventCountry "UAE"]
[Source "lmi"]
[SourceDate "2013.12.19"]

1. Nf3 Nf6 2. b3 d5 3. e3 c5 4. Bb2 Nc6 5. Bb5 Bd7 6. Bxc6 Bxc6 7. O-O e6 8. d3
Be7 9. Nbd2 O-O 10. Ne5 Nd7 11. f4 f6 12. Nxd7 Qxd7 13. Qh5 Qc7 14. g4 g6 15.
Qh6 e5 16. f5 g5 17. Nf3 Rad8 18. Rad1 c4 19. h4 e4 20. Nd4 Qg3+ 21. Kh1 gxh4
22. Ne6 Rf7 23. Nxd8 Qh3+ 24. Kg1 Rg7 25. Kf2 Rxg4 26. Ke2 Rg2+ 27. Rf2 Qf3+
28. Ke1 Qxf2# 0-1

[Event "Wch Juvenil 2013 sub-14"]
[Site "Al-Ain UAE"]
[Date "2013.12.20"]
[Round "3.78"]
[White "Noori, Sabah Nori"]
[Black "Mouthuy, Jacky-Long"]
[Result "1/2-1/2"]
[WhiteElo "1742"]
[BlackElo "1388"]
[PlyCount "47"]
[EventDate "2013.12.19"]
[EventType "swiss"]
[EventRounds "11"]
[EventCountry "UAE"]
[Source "lmi"]
[SourceDate "2013.12.19"]

1. d4 d5 2. Nf3 Nc6 3. Bf4 Bg4 4. e3 e6 5. c3 Bd6 6. Bg3 Nf6 7. Bd3 O-O 8. Nbd2
Re8 9. Qc2 e5 10. dxe5 Nxe5 11. Nxe5 Bxe5 12. O-O c5 13. Bh4 h6 14. Bf5 Bxf5
15. Qxf5 Qd7 16. Qxd7 Nxd7 17. Nf3 Bf6 18. Bg3 Nb6 19. Rfd1 Rad8 20. Bc7 Rd7
21. Bxb6 axb6 22. Rd2 Red8 23. Rad1 g5 24. g3 1/2-1/2

[Event "Wch Juvenil 2013 sub-14"]
[Site "Al-Ain UAE"]
[Date "2013.12.20"]
[Round "3.79"]
[White "Khadka, Mahesh"]
[Black "Mukhopadhyay, Srinjay"]
[Result "0-1"]
[WhiteElo "1655"]
[BlackElo "1336"]
[PlyCount "110"]
[EventDate "2013.12.19"]
[EventType "swiss"]
[EventRounds "11"]
[EventCountry "UAE"]
[Source "lmi"]
[SourceDate "2013.12.19"]

1. e4 e6 2. d4 d5 3. e5 c5 4. c3 Nc6 5. Nf3 Qb6 6. Be2 cxd4 7. cxd4 Bb4+ 8. Nc3
Nge7 9. a3 Bxc3+ 10. bxc3 Bd7 11. Bd2 O-O 12. O-O Na5 13. Qc2 Qb3 14. Bd1 Qxc2
15. Bxc2 Nc4 16. Bc1 h6 17. Nd2 Nxd2 18. Bxd2 Nc6 19. f4 Rac8 20. Rab1 Nxd4 21.
cxd4 Rxc2 22. Rxb7 Bc8 23. Rxa7 Rxd2 24. Rc1 Rxd4 25. Rac7 Ba6 26. Ra7 Rc4 27.
Rxc4 Bxc4 28. a4 Rd8 29. Kf2 d4 30. Ke1 Bd5 31. g3 Be4 32. a5 d3 33. Kd2 Rc8
34. Ke3 Rc1 35. a6 Re1+ 36. Kd2 Re2+ 37. Kd1 Bf3 38. Rd7 Ra2+ 39. Ke1 Bd5 40.
a7 d2+ 41. Ke2 Bc4+ 42. Ke3 Rxa7 43. Rxd2 Ra3+ 44. Kd4 Ra2 45. Rd1 Bd5 46. h4
Rg2 47. Rd3 Rf2 48. Kc5 Rf3 49. Rxf3 Bxf3 50. Kd6 Kf8 51. Kd7 Bg4 52. Kd6 Ke8
53. Kc5 Ke7 54. Kd4 Bf5 55. Ke3 f6 0-1

[Event "Wch Juvenil 2013 sub-14"]
[Site "Al-Ain UAE"]
[Date "2013.12.20"]
[Round "3.86"]
[White "Hoon, Gideon Jakobus"]
[Black "Kellei, Ronnie"]
[Result "1-0"]
[WhiteElo "1569"]
[PlyCount "100"]
[EventDate "2013.12.19"]
[EventType "swiss"]
[EventRounds "11"]
[EventCountry "UAE"]
[Source "lmi"]
[SourceDate "2013.12.19"]
[BlackElo "1742"]

1. e4 e5 2. Nf3 Nc6 3. Bb5 Bd6 4. Nc3 Nf6 5. d3 a6 6. Ba4 b5 7. Bb3 Bb4 8. Bg5
d6 9. O-O h6 10. Bh4 Bxc3 11. bxc3 Bg4 12. h3 g5 13. Bg3 Bh5 14. Re1 Qd7 15. d4
g4 16. hxg4 Bxg4 17. dxe5 Nxe5 18. Bxe5 dxe5 19. Qxd7+ Nxd7 20. Bd5 Rd8 21. Bc6
Bxf3 22. gxf3 Ke7 23. a4 bxa4 24. Rxa4 Nb8 25. Bd5 h5 26. Kh2 Rh7 27. Bc4 h4
28. Bd3 h3 29. Rg1 Kf6 30. f4 Rh5 31. fxe5+ Rxe5 32. Kxh3 Rh8+ 33. Kg2 Rg8+ 34.
Kf1 Rxg1+ 35. Kxg1 Rc5 36. f4 Rxc3 37. Kf2 Rc5 38. Ke3 a5 39. e5+ Ke7 40. Kd4
Nd7 41. Bf5 c6 42. c4 Nb6 43. Bc2 Nxa4 44. Bxa4 Rxc4+ 45. Kxc4 f6 46. Bxc6 fxe5
47. fxe5 Ke6 48. Kd4 Ke7 49. Kd5 Kf7 50. Kd6 Kf8 1-0

[Event "Wch Juvenil 2013 sub-14"]
[Site "Al-Ain UAE"]
[Date "2013.12.21"]
[Round "4.1"]
[White "Gledura, Benjamin"]
[Black "Meunier, Clement"]
[Result "1/2-1/2"]
[WhiteElo "2399"]
[BlackElo "2113"]
[PlyCount "35"]
[EventDate "2013.12.19"]
[EventType "swiss"]
[EventRounds "11"]
[EventCountry "UAE"]
[Source "lmi"]
[SourceDate "2013.12.19"]

1. b3 e5 2. Bb2 Nc6 3. e3 Nf6 4. Bb5 Bd6 5. Ne2 O-O 6. Ng3 Re8 7. O-O Ne7 8. f4
Ng6 9. f5 Nf8 10. d4 exd4 11. Bxd4 c5 12. Bb2 Be5 13. Bxe5 Rxe5 14. Qd6 Qe7 15.
Qxe7 Rxe7 16. Nd2 d5 17. Rae1 Bd7 18. Bxd7 1/2-1/2

[Event "Wch Juvenil 2013 sub-14"]
[Site "Al-Ain UAE"]
[Date "2013.12.21"]
[Round "4.1"]
[White "Kokaia, Guram"]
[Black "Vaitsiakhouski, Yauheni"]
[Result "1-0"]
[WhiteElo "1812"]
[BlackElo "1540"]
[PlyCount "77"]
[EventDate "2013.12.19"]
[EventType "swiss"]
[EventRounds "11"]
[EventCountry "UAE"]
[Source "lmi"]
[SourceDate "2013.12.19"]

1. e4 e6 2. d4 d5 3. Nd2 c5 4. exd5 Qxd5 5. Ngf3 cxd4 6. Bc4 Qd6 7. O-O Nc6 8.
Nb3 Nf6 9. Nbxd4 Nxd4 10. Nxd4 a6 11. Re1 Qc7 12. Bd3 e5 13. f4 Bg4 14. Nf3 Bd6
15. fxe5 Bxe5 16. Bf4 Qc5+ 17. Kh1 Bxf3 18. Qxf3 Nd7 19. Bxe5 Nxe5 20. Qh5
O-O-O 21. Qxe5 Qxe5 22. Rxe5 Rd6 23. g3 g6 24. Rae1 Rb6 25. b3 Rf6 26. Kg2 Rd8
27. Rf1 Rxf1 28. Kxf1 Rd7 29. Kf2 Kc7 30. Ke3 h5 31. c4 Kc6 32. b4 b6 33. a4
Kc7 34. a5 bxa5 35. Rxa5 Kb7 36. c5 Re7+ 37. Kd4 Re6 38. Be4+ Ka7 39. b5 1-0

[Event "Wch Juvenil 2013 sub-14"]
[Site "Al-Ain UAE"]
[Date "2013.12.21"]
[Round "4.2"]
[White "Rafili, Said Elchin"]
[Black "Jamar, Vadim"]
[Result "1/2-1/2"]
[WhiteElo "1611"]
[BlackElo "1803"]
[PlyCount "115"]
[EventDate "2013.12.19"]
[EventType "swiss"]
[EventRounds "11"]
[EventCountry "UAE"]
[Source "lmi"]
[SourceDate "2013.12.19"]

1. d4 Nf6 2. Nf3 c5 3. c4 cxd4 4. Nxd4 e5 5. Nf3 Nc6 6. Nc3 Bb4 7. e3 d5 8.
cxd5 Nxd5 9. Bd2 Nxc3 10. bxc3 Ba5 11. Be2 O-O 12. O-O Be6 13. Qc2 Rc8 14. Rfd1
Qe7 15. Qa4 f6 16. c4 Bxd2 17. Rxd2 b6 18. Rc1 Na5 19. Rb2 Rc5 20. Nd2 Rfc8 21.
Rbc2 Qc7 22. Ne4 Rc6 23. c5 Qe7 24. Ba6 Rd8 25. Bb5 Rc7 26. c6 Bd5 27. Ng3 g6
28. h3 Rd6 29. e4 Bf7 30. Ne2 Be8 31. Bc4+ Nxc4 32. Rxc4 Qe6 33. Qb3 Rdxc6 34.
Rxc6 Rxc6 35. Qxe6+ Rxe6 36. Rc8 Kf7 37. Ra8 Re7 38. Nc3 Bc6 39. Rc8 Bd7 40.
Ra8 Be6 41. a3 Bc4 42. Rc8 Ba6 43. Ra8 Ke6 44. Nd5 Rf7 45. Nb4 Bb5 46. Rc8 Rd7
47. Nd5 Bd3 48. f3 f5 49. Re8+ Kd6 50. Nf6 Rf7 51. exf5 Bxf5 52. Ng8 Rb7 53.
Nf6 a5 54. g4 Bd7 55. Ne4+ Kd5 56. Nf6+ Kd6 57. Ne4+ Kd5 58. Nf6+ 1/2-1/2

[Event "Wch Juvenil 2013 sub-14"]
[Site "Al-Ain UAE"]
[Date "2013.12.21"]
[Round "4.2"]
[White "Rambaldi, Francesco"]
[Black "Panchanatham, Vignesh"]
[Result "1-0"]
[WhiteElo "2385"]
[BlackElo "2111"]
[PlyCount "85"]
[EventDate "2013.12.19"]
[EventType "swiss"]
[EventRounds "11"]
[EventCountry "UAE"]
[Source "lmi"]
[SourceDate "2013.12.19"]

1. d4 Nf6 2. c4 g6 3. g3 c6 4. Bg2 d5 5. Qa4 Bg7 6. cxd5 Nxd5 7. Nf3 O-O 8. O-O
Bg4 9. Rd1 h6 10. Qc2 a5 11. e4 Nb4 12. Qe2 Qc8 13. a3 N4a6 14. Nc3 Rd8 15. Be3
e5 16. d5 Nd7 17. h3 Bxf3 18. Bxf3 Nac5 19. dxc6 bxc6 20. Qc4 Ne6 21. Bg4 Nd4
22. Na4 Rb8 23. Nc5 Rxb2 24. Nxd7 Rxd7 25. Bxd7 Qxd7 26. Kg2 Qb7 27. Rac1 c5
28. Qd5 Qxd5 29. exd5 Bf8 30. Rc4 h5 31. Bd2 Nf5 32. Re4 Bd6 33. Bc3 Rb3 34.
Bxe5 Bxe5 35. Rxe5 Nd6 36. Re7 c4 37. Rd7 Rb6 38. Rc7 Kf8 39. Rc6 Rxc6 40. dxc6
Ke7 41. c7 Nc8 42. Rc1 Kd7 43. Rxc4 1-0

[Event "Wch Juvenil 2013 sub-14"]
[Site "Al-Ain UAE"]
[Date "2013.12.21"]
[Round "4.3"]
[White "Kozusek, Daniel"]
[Black "Liu, Yan"]
[Result "0-1"]
[WhiteElo "2090"]
[BlackElo "2256"]
[PlyCount "76"]
[EventDate "2013.12.19"]
[EventType "swiss"]
[EventRounds "11"]
[EventCountry "UAE"]
[Source "lmi"]
[SourceDate "2013.12.19"]

1. e4 c5 2. Nf3 e6 3. d4 cxd4 4. Nxd4 a6 5. Bd3 Nc6 6. Nxc6 bxc6 7. O-O d5 8.
Nd2 Nf6 9. Qe2 Be7 10. b3 O-O 11. Bb2 h6 12. c4 Bb7 13. Rad1 a5 14. Bb1 Ba6 15.
e5 Nd7 16. Qd3 g6 17. Qg3 Kh7 18. f4 Rg8 19. Nf3 Rb8 20. Qh3 Rg7 21. g4 Kg8 22.
Kh1 Bxc4 23. Rf2 Ba6 24. f5 Bg5 25. f6 Rh7 26. Qg3 Qc7 27. h4 Bxf6 28. Kg2 Be7
29. h5 Nf8 30. Rh1 Bc5 31. Rc2 Be3 32. Rc3 d4 33. Rxe3 dxe3 34. g5 Rd8 35. gxh6
Bd3 36. Ng5 Bxb1 37. Nxh7 Be4+ 38. Kh3 Bf5+ 0-1

[Event "Wch Juvenil 2013 sub-14"]
[Site "Al-Ain UAE"]
[Date "2013.12.21"]
[Round "4.3"]
[White "Liao, Jo-Kai"]
[Black "Foziljonov, Khojiakbar"]
[Result "1/2-1/2"]
[WhiteElo "1571"]
[BlackElo "1801"]
[PlyCount "110"]
[EventDate "2013.12.19"]
[EventType "swiss"]
[EventRounds "11"]
[EventCountry "UAE"]
[Source "lmi"]
[SourceDate "2013.12.19"]

1. e4 c5 2. Nf3 d6 3. d4 cxd4 4. Nxd4 Nf6 5. Nc3 a6 6. Be2 e5 7. Nb3 Be7 8. Be3
Be6 9. O-O O-O 10. f4 exf4 11. Bxf4 Nbd7 12. Bf3 Ne5 13. Bxe5 dxe5 14. Qxd8
Rfxd8 15. Rad1 g5 16. g3 b5 17. Bg2 Bxb3 18. axb3 Bc5+ 19. Kh1 Ng4 20. Rd5 Bd4
21. Ra1 Ne3 22. Rxd8+ Rxd8 23. Nd5 Nxc2 24. Rxa6 Ne3 25. Ra5 b4 26. h3 Nc2 27.
Ne7+ Kf8 28. Nc6 Bb6 29. Rd5 Rc8 30. Nxe5 Bf2 31. Kh2 h5 32. Nc4 h4 33. gxh4
gxh4 34. Bf3 Ne3 35. Rh5 Bg3+ 36. Kh1 Rxc4 37. bxc4 Nxc4 38. Rb5 Be1 39. Bh5
Nxb2 40. Rb7 Kg7 41. Bxf7 Kf6 42. Bd5 Bc3 43. Kg2 Nd3 44. Kf3 Ne5+ 45. Ke3 Kg5
46. Rb8 Kf6 47. Rg8 Ng6 48. Rb8 Ne5 49. Rf8+ Ke7 50. Rf5 Kd6 51. Rh5 Be1 52.
Rh8 Bg3 53. Rb8 Kc5 54. Rc8+ Kd6 55. Rb8 Kc5 1/2-1/2

[Event "Wch Juvenil 2013 sub-14"]
[Site "Al-Ain UAE"]
[Date "2013.12.21"]
[Round "4.4"]
[White "Gvenetadze, Davit"]
[Black "Ali, Abdulaziz"]
[Result "0-1"]
[WhiteElo "1801"]
[BlackElo "1739"]
[PlyCount "74"]
[EventDate "2013.12.19"]
[EventType "swiss"]
[EventRounds "11"]
[EventCountry "UAE"]
[Source "lmi"]
[SourceDate "2013.12.19"]

1. e4 c5 2. Nf3 Nc6 3. d4 cxd4 4. Nxd4 e5 5. Nb5 d6 6. N1c3 a6 7. Na3 Be7 8.
Nd5 b5 9. Be3 Rb8 10. c3 Nf6 11. Nxf6+ Bxf6 12. g3 O-O 13. Bg2 Be6 14. O-O Qc7
15. f4 Na5 16. f5 Bd7 17. Nc2 Nc4 18. Bc1 a5 19. g4 h6 20. g5 Bxg5 21. Bxg5
hxg5 22. Qh5 f6 23. Rf3 Be8 24. Qg4 Nxb2 25. Ne3 Qxc3 26. Nd5 Qd4+ 27. Kh1 Nd3
28. Raf1 Nf4 29. Rxf4 exf4 30. Ne7+ Kf7 31. Ng6 Bc6 32. Qh5 Rfc8 33. Ne5+ Ke7
34. Qf7+ Kd8 35. Nxc6+ Rxc6 36. e5 f3 37. Bxf3 Qc4 0-1

[Event "Wch Juvenil 2013 sub-14"]
[Site "Al-Ain UAE"]
[Date "2013.12.21"]
[Round "4.4"]
[White "Papadopoulos, Argirios"]
[Black "Atabayev, Saparmyrat"]
[Result "1/2-1/2"]
[WhiteElo "2005"]
[BlackElo "2203"]
[PlyCount "34"]
[EventDate "2013.12.19"]
[EventType "swiss"]
[EventRounds "11"]
[EventCountry "UAE"]
[Source "lmi"]
[SourceDate "2013.12.19"]

1. e4 c5 2. Nf3 d6 3. d4 cxd4 4. Nxd4 Nf6 5. Nc3 a6 6. Bg5 e6 7. f4 Nbd7 8. Qf3
Qc7 9. O-O-O Be7 10. Bd3 h6 11. Qh3 Rg8 12. e5 dxe5 13. Nxe6 fxe6 14. Bg6+ Kd8
15. Bxf6 gxf6 16. Bf7 Rf8 17. Bxe6 b5 1/2-1/2

[Event "Wch Juvenil 2013 sub-14"]
[Site "Al-Ain UAE"]
[Date "2013.12.21"]
[Round "4.5"]
[White "Bennett, Rhys"]
[Black "Abdullatif, Hassan"]
[Result "0-1"]
[WhiteElo "1784"]
[PlyCount "66"]
[EventDate "2013.12.19"]
[EventType "swiss"]
[EventRounds "11"]
[EventCountry "UAE"]
[Source "lmi"]
[SourceDate "2013.12.19"]
[BlackElo "1399"]

1. e4 d6 2. d4 Nf6 3. Nc3 Nbd7 4. Nf3 e5 5. Bc4 Be7 6. O-O O-O 7. Re1 c6 8. a4
b6 9. Ba2 Bb7 10. Nh4 exd4 11. Qxd4 Nc5 12. Nf5 Ne6 13. Qd3 Qc7 14. Qg3 Nh5 15.
Qg4 Nf6 16. Nh6+ Kh8 17. Nxf7+ Rxf7 18. Qxe6 Raf8 19. Qh3 d5 20. e5 Bc8 21. e6
Ne8 22. f4 Rf6 23. Kh1 Rh6 24. Qd3 Bxe6 25. g3 Bf5 26. Qe3 Re6 27. Qf2 Bc5 28.
Be3 Bxe3 29. Rxe3 Rff6 30. Bxd5 cxd5 31. Nxd5 Qc6 32. Qg2 Rxe3 33. Nxe3 Be4 0-1

[Event "Wch Juvenil 2013 sub-14"]
[Site "Al-Ain UAE"]
[Date "2013.12.21"]
[Round "4.5"]
[White "Plenca, Jadranko"]
[Black "Li, Di"]
[Result "0-1"]
[WhiteElo "2168"]
[BlackElo "2091"]
[PlyCount "64"]
[EventDate "2013.12.19"]
[EventType "swiss"]
[EventRounds "11"]
[EventCountry "UAE"]
[Source "lmi"]
[SourceDate "2013.12.19"]

1. e4 c5 2. Nf3 Nc6 3. Bb5 e6 4. O-O Nge7 5. c3 a6 6. Bxc6 Nxc6 7. d4 d5 8.
exd5 Qxd5 9. dxc5 Qxd1 10. Rxd1 Bxc5 11. Bf4 f6 12. Nbd2 e5 13. Be3 Bxe3 14.
fxe3 Ke7 15. e4 Be6 16. Nf1 Rhd8 17. Ne3 b5 18. b3 Na5 19. Kf2 Nb7 20. Ne1 a5
21. Kf3 h5 22. h3 Nc5 23. c4 bxc4 24. bxc4 Bf7 25. Nd5+ Kf8 26. Nc2 h4 27. Re1
Bh5+ 28. g4 hxg3+ 29. Kxg3 Rab8 30. Na3 Rb2 31. Nb5 Be2 32. Nbc7 Nxe4+ 0-1

[Event "Wch Juvenil 2013 sub-14"]
[Site "Al-Ain UAE"]
[Date "2013.12.21"]
[Round "4.6"]
[White "Litvinov, Maxim"]
[Black "Petrov, Vladimir Sergeev"]
[Result "0-1"]
[WhiteElo "2144"]
[BlackElo "2076"]
[PlyCount "76"]
[EventDate "2013.12.19"]
[EventType "swiss"]
[EventRounds "11"]
[EventCountry "UAE"]
[Source "lmi"]
[SourceDate "2013.12.19"]

1. e4 c5 2. Nf3 d6 3. d4 cxd4 4. Nxd4 Nf6 5. Nc3 a6 6. Be3 e5 7. Nb3 Be6 8. h3
Nbd7 9. g4 Rc8 10. g5 Rxc3 11. gxf6 Rxe3+ 12. fxe3 Nxf6 13. Bd3 d5 14. exd5
Nxd5 15. Qf3 Qh4+ 16. Kd2 Be7 17. Rad1 O-O 18. Kc1 Nxe3 19. Rde1 Bd5 20. Qe2
Bxh1 21. Rxh1 e4 22. Kb1 exd3 23. Qxe3 dxc2+ 24. Kxc2 Qc4+ 25. Kb1 Bg5 26. Qf3
Rc8 27. Rg1 Qc2+ 28. Ka1 h6 29. a3 Rd8 30. Ka2 b5 31. Rg2 Qd3 32. Qf2 Qxh3 33.
Qc2 Qe6 34. Rg3 a5 35. Rxg5 hxg5 36. Qc7 Rd3 37. Qb8+ Kh7 38. Qxb5 Qxb3+ 0-1

[Event "Wch Juvenil 2013 sub-14"]
[Site "Al-Ain UAE"]
[Date "2013.12.21"]
[Round "4.7"]
[White "Bashirli, Nail Qoshqar"]
[Black "Asgharzadeh, M.Reza"]
[Result "1-0"]
[WhiteElo "1887"]
[BlackElo "2143"]
[PlyCount "75"]
[EventDate "2013.12.19"]
[EventType "swiss"]
[EventRounds "11"]
[EventCountry "UAE"]
[Source "lmi"]
[SourceDate "2013.12.19"]

1. e4 c5 2. Nf3 e6 3. d4 cxd4 4. Nxd4 a6 5. Bd3 Nf6 6. O-O Qc7 7. Qe2 d6 8. c4
Nbd7 9. Nc3 Be7 10. Bd2 b6 11. Rae1 O-O 12. Kh1 Ne5 13. f4 Nxd3 14. Qxd3 Bb7
15. f5 Qc8 16. Bg5 Re8 17. Na4 Nd7 18. Bxe7 Rxe7 19. Qg3 Qxc4 20. e5 dxe5 21.
Nxb6 Nxb6 22. f6 g6 23. fxe7 exd4 24. Qf4 f5 25. Qd6 Bc6 26. Qxe6+ Kg7 27. Qe5+
Kf7 28. e8=Q+ Bxe8 29. Rc1 Qb5 30. Qxd4 Bc6 31. Rfe1 Be4 32. Rc7+ Ke6 33. Rc5
Qe8 34. Re5+ Kf7 35. Rxe8 Rxe8 36. Qxb6 Bxg2+ 37. Kxg2 Rxe1 38. Qxa6 1-0

[Event "Wch Juvenil 2013 sub-14"]
[Site "Al-Ain UAE"]
[Date "2013.12.21"]
[Round "4.8"]
[White "Al Hamed, Saif Idrees"]
[Black "Naotunna, Dineth Nimnaka"]
[Result "0-1"]
[WhiteElo "1558"]
[BlackElo "1759"]
[PlyCount "148"]
[EventDate "2013.12.19"]
[EventType "swiss"]
[EventRounds "11"]
[EventCountry "UAE"]
[Source "lmi"]
[SourceDate "2013.12.19"]

1. e4 d5 2. exd5 Qxd5 3. Nc3 Qa5 4. d4 Nf6 5. h3 Bf5 6. Nf3 e6 7. Bd2 c6 8. g4
Bg6 9. Ne5 Nbd7 10. Nc4 Qc7 11. Qf3 Nd5 12. Nxd5 cxd5 13. Bf4 Qc6 14. Nd2 Qxc2
15. Qb3 Qxb3 16. Nxb3 Rc8 17. Rc1 Rxc1+ 18. Nxc1 Bb4+ 19. Bd2 Bd6 20. Bd3 Bxd3
21. Nxd3 O-O 22. Ke2 Re8 23. f4 f6 24. Kf2 e5 25. dxe5 fxe5 26. fxe5 Nxe5 27.
Nxe5 Bxe5 28. b3 Bd4+ 29. Kf3 Kf7 30. Rc1 Bb6 31. Bf4 Kg6 32. Rd1 d4 33. h4 Kf6
34. Bg5+ Kf7 35. Bf4 Re6 36. Rd2 Re1 37. Re2 Rxe2 38. Kxe2 Ke6 39. Kd3 Kd5 40.
Bg3 Ba5 41. Bf2 Bc3 42. Bg3 a5 43. Bf2 Kc5 44. Bg3 g6 45. h5 Kb4 46. Bd6+ Kb5
47. Be7 a4 48. hxg6 hxg6 49. Bd6 Kc6 50. Be7 axb3 51. axb3 Kb5 52. g5 b6 53.
Bd6 Kc6 54. Be7 Kd5 55. Bf6 Ba1 56. Bg7 Bb2 57. Bh8 b5 58. Bg7 Bc1 59. Bf6 Be3
60. Be7 Ke5 61. Bf6+ Kf5 62. b4 Bxg5 63. Bxd4 Be7 64. Bc3 g5 65. Ke3 Bf6 66.
Be1 Be5 67. Kf3 Bd4 68. Kg3 Be3 69. Kf3 Bf4 70. Kg2 Ke4 71. Kh3 Kf3 72. Bc3 g4+
73. Kh4 g3 74. Kh3 Be3 0-1

[Event "Wch Juvenil 2013 sub-14"]
[Site "Al-Ain UAE"]
[Date "2013.12.21"]
[Round "4.8"]
[White "Yu, Wenlu"]
[Black "Liu, Xiangyi"]
[Result "0-1"]
[WhiteElo "1862"]
[BlackElo "2136"]
[PlyCount "90"]
[EventDate "2013.12.19"]
[EventType "swiss"]
[EventRounds "11"]
[EventCountry "UAE"]
[Source "lmi"]
[SourceDate "2013.12.19"]

1. e4 e6 2. d4 d5 3. Nc3 Bb4 4. exd5 exd5 5. Bd3 Ne7 6. Qh5 Be6 7. Nf3 Nbc6 8.
a3 Bd6 9. h3 Ng6 10. Ne2 Qd7 11. Ng5 Nce7 12. g4 O-O-O 13. Bd2 Ng8 14. Nxe6
fxe6 15. g5 N8e7 16. O-O-O Rdf8 17. Rhf1 Nf5 18. Qg4 Rf7 19. Ng3 Nfh4 20. f4
Rhf8 21. Ne2 c6 22. c3 e5 23. dxe5 Bxe5 24. Qg3 Bd6 25. Bxg6 Nxg6 26. h4 Ne7
27. Nd4 c5 28. Ne2 Qa4 29. Qh3+ Nf5 30. Ng3 Kc7 31. Nxf5 Rxf5 32. Rde1 R8f7 33.
Qe3 Qc4 34. Qe6 Qd3 35. Rf2 Re7 36. Qxe7+ Bxe7 37. Rxe7+ Kc6 38. Rfe2 d4 39.
R2e6+ Kd5 40. Re1 b5 41. cxd4 cxd4 42. Rxg7 Kc4 43. Rxa7 Rc5 44. Rd7 Kb3+ 45.
Bc3 Qc2# 0-1

[Event "Wch Juvenil 2013 sub-14"]
[Site "Al-Ain UAE"]
[Date "2013.12.21"]
[Round "4.9"]
[White "Cori Quispe, Kevin"]
[Black "Tomczak, Mikolaj"]
[Result "1/2-1/2"]
[WhiteElo "2259"]
[BlackElo "2133"]
[PlyCount "108"]
[EventDate "2013.12.19"]
[EventType "swiss"]
[EventRounds "11"]
[EventCountry "UAE"]
[Source "lmi"]
[SourceDate "2013.12.19"]

1. e4 c5 2. Nf3 e6 3. d4 cxd4 4. Nxd4 Nf6 5. Nc3 d6 6. g4 a6 7. g5 Nfd7 8. Be3
Nc6 9. Qd2 Be7 10. h4 O-O 11. O-O-O Nxd4 12. Qxd4 b5 13. Be2 Rb8 14. Kb1 b4 15.
Na4 Qa5 16. b3 Bb7 17. h5 Qe5 18. Qxe5 Nxe5 19. f3 Bc6 20. Nb2 Bb5 21. Bxb5
Rxb5 22. Rhf1 Nc6 23. f4 g6 24. h6 f5 25. gxf6 Rxf6 26. Bc1 d5 27. exd5 exd5
28. Nd3 Bf8 29. Rh1 Kf7 30. Bb2 Rf5 31. c4 dxc4 32. bxc4 Rb7 33. Ne5+ Nxe5 34.
Bxe5 Be7 35. Rd5 Bf6 36. Re1 Re7 37. Re3 Rh5 38. c5 Re6 39. Rd7+ Be7 40. Re4
Rxh6 41. Rxb4 Ke8 42. Ra7 g5 43. Rb8+ Kf7 44. Rbb7 gxf4 45. Bxf4 Rh1+ 46. Kc2
Kf6 47. Rxe7 Rxe7 48. Bg5+ Kxg5 49. Rxe7 Kf6 50. Ra7 Ke6 51. Rxa6+ Kd5 52. c6
Kd6 53. Kb3 Rc1 54. c7+ Kxc7 1/2-1/2

[Event "Wch Juvenil 2013 sub-14"]
[Site "Al-Ain UAE"]
[Date "2013.12.21"]
[Round "4.9"]
[White "Mukhopadhyay, Srinjay"]
[Black "Cerniauskas, Markas"]
[Result "0-1"]
[WhiteElo "1336"]
[BlackElo "1756"]
[PlyCount "50"]
[EventDate "2013.12.19"]
[EventType "swiss"]
[EventRounds "11"]
[EventCountry "UAE"]
[Source "lmi"]
[SourceDate "2013.12.19"]

1. e4 e6 2. d4 d5 3. exd5 exd5 4. Nf3 Bd6 5. Bd3 Nf6 6. O-O O-O 7. h3 h6 8. Be3
c6 9. Nbd2 Re8 10. Re1 Ne4 11. Nh2 Qc7 12. Ng4 f5 13. Nxe4 dxe4 14. Bc4+ Be6
15. Nxh6+ gxh6 16. Bxh6 Bxc4 17. Qh5 Qf7 18. Qg5+ Kh8 19. Re3 Nd7 20. f4 Qf6
21. Qh5 Bf7 22. Bg7+ Kxg7 23. Rg3+ Kf8 24. Qh7 Ke7 25. Rg6 Qxg6 0-1